Velázquez (Record no. 136860)

MARC details
000 -LEADER
campo de control de longitud fija 00632nam a2200193 4500
001 - NÚMERO DE CONTROL
campo de control 136860
003 - IDENTIFICADOR DE NÚMERO DE CONTROL
campo de control ES-MaACL
005 - FECHA Y HORA DE LA ÚLTIMA TRANSACCIÓN
campo de control 20250808012600.0
007 - CAMPO FIJO DE DESCRIPCIÓN FÍSICA--INFORMACIÓN GENERAL
campo de control de longitud fija t|
008 - DATOS DE LONGITUD FIJA--INFORMACIÓN GENERAL
campo de control de longitud fija 070214s1943 sp r ||||1| spa d
100 1# - ENTRADA PRINCIPAL--NOMBRE DE PERSONA
Nombre de persona Sainz de Robles, Federico Carlos,
Fechas asociadas al nombre 1898-1982
9 (RLIN) 101593
245 10 - MENCIÓN DEL TÍTULO
Título Velázquez
Resto del título : vivificador de imágenes /
Mención de responsabilidad, etc. por Federico Carlos Sainz de Robles.
260 ## - PUBLICACIÓN, DISTRIBUCIÓN, ETC.
Lugar de publicación, distribución, etc. Madrid :
Nombre del editor, distribuidor, etc. Ed. Nacional,
Fecha de publicación, distribución, etc. 1943.
300 ## - DESCRIPCIÓN FÍSICA
Extensión 269 p. ;
Dimensiones 18 cm.
490 1# - MENCIÓN DE SERIE
Mención de serie Breviarios de la vida española
830 00 - PUNTO DE ACCESO ADICIONAL DE SERIE-TÍTULO UNIFORME
Título uniforme Breviarios de la vida española
9 (RLIN) 180821
852 ## - LOCALIZACIÓN
Ubicación ES-MaACL
Número de control de estantería F-11483
Sublocalización o colección R.19967
Holdings
Estatus retirado Estado de pérdida Estado de daño No para préstamo Biblioteca de origen Biblioteca actual Ubicación en estantería Fecha de adquisición Fuente de adquisición Total de préstamos Signatura topográfica completa Código de barras Visto por última vez Precio de reemplazo Tipo de ítem Koha
        Biblioteca del Ateneo de Madrid Biblioteca del Ateneo de Madrid Sala Pecera Planta 2 17/01/2008     F-11483 1142429 23/02/2023 23/02/2023 Libro impreso